Normal view
MARC view
- City planning
Entry Topical Term
001 - CONTROL NUMBER
- control field: 12799
003 - CONTROL NUMBER IDENTIFIER
- control field: NUST
005 - DATE AND TIME OF LATEST TRANSACTION
- control field: 20181229055146.0
008 - FIXED-LENGTH DATA ELEMENTS
- fixed length control field: 181229|| aca||aabn | a|a d
040 ## - CATALOGING SOURCE
- Original cataloging agency: NUST
- Transcribing agency: NUST
150 ## - HEADING--TOPICAL TERM
- Topical term or geographic name entry element: City planning
- Geographic subdivision: Pakistan
- Geographic subdivision: Islāmābād.
670 ## - SOURCE DATA FOUND
- Source citation: Work cat.: (NUST)0: Yakas, Orestes, 1920- 12798, Islamabad, the birth of a capital /, 2001.
